[Event "FRA-ch High Schools"]
[Site "Asnieres sur Seine"]
[Date "2018.05.06"]
[Round "7.10"]
[White "Grigorian, Roudolph"]
[Black "Gautier, Joel"]
[Result "1-0"]
[WhiteElo "2083"]
[BlackElo "2040"]
[PlyCount "43"]
[EventDate "2018.05.12"]
[EventType "swiss (rapid)"]
[EventRounds "17"]
[EventCountry "FRA"]
[SourceTitle "EXT 2019"]
[Source "ChessBase"]
[SourceDate "2018.10.10"]
[SourceVersion "1"]
[SourceVersionDate "2018.10.10"]
[SourceQuality "1"]

1. e4 d6 2. d4 Nf6 3. Nc3 e5 4. Nge2 Nbd7 5. h3 Be7 6. g4 0-0 7. Bg2 c6 8. Be3 b5 9. a3 a5 10. Ng3 exd4 11. Bxd4 Ne5 12. f4 Ng6 13. 0-0 Nh4 14. g5 Nd7 15. Qh5 Nxg2 16. Nf5 Nxf4 17. Rxf4 Ne5 18. Rh4 h6 19. Nxh6+ gxh6 20. Qxh6 Nf3+ 21. Kf2 Nxh4 22. Qg7# 1-0

[Event "Paris-ch op-B"]
[Site "Paris"]
[Date "2009.07.10"]
[Round "7"]
[White "Mazhari, Mohammad"]
[Black "Gautier, Joel"]
[Result "1-0"]
[WhiteElo "1849"]
[BlackElo "1796"]
[PlyCount "80"]
[EventDate "2009.07.04"]
[EventType "swiss"]
[EventRounds "9"]
[EventCountry "FRA"]
[SourceTitle "EXT 2010"]
[Source "ChessBase"]
[SourceDate "2010.11.25"]
[SourceVersion "1"]
[SourceVersionDate "2010.11.25"]
[SourceQuality "1"]

1. a3 Nf6 2. e3 c5 3. d4 cxd4 4. exd4 g6 5. Nf3 Bg7 6. g3 0-0 7. Bg2 d5 8. 0-0 Nc6 9. Re1 Bg4 10. c3 Qd7 11. Nbd2 Nh5 12. Qb3 h6 13. Ne5 Nxe5 14. dxe5 Rad8 15. Nf3 f6 16. exf6 Rxf6 17. Ne5 Qe6 18. Bd2 d4 19. Qxb7 dxc3 20. Bxc3 Bh3 21. Nxg6 Bxg2 22. Nxe7+ Kh8 23. Qc7 Qb6 24. Qxb6 Rxb6 25. Kxg2 Bxc3 26. bxc3 Rb2 27. Re3 Nf6 28. Rf3 Ng4 29. h3 Ne5 30. Rf5 Nc4 31. Re1 Rdd2 32. Rf4 Kg7 33. Nf5+ Kg6 34. Nh4+ Kg7 35. Rxc4 Rxf2+ 36. Kg1 Ra2 37. Rc7+ Kf6 38. Rxa7 h5 39. Ra6+ Kf7 40. Rf1 Rxf1+ 1-0

[Event "Bagnoles de l'Orne"]
[Site "Bagnoles de l'Orne"]
[Date "2009.05.31"]
[Round "4"]
[White "Denis, Philippe"]
[Black "Gautier, Joel"]
[Result "1/2-1/2"]
[WhiteElo "1755"]
[BlackElo "1910"]
[PlyCount "52"]
[EventDate "2009.05.30"]
[EventType "swiss"]
[EventRounds "6"]
[EventCountry "FRA"]
[SourceTitle "CBM 130 Extra"]
[Source "ChessBase"]
[SourceDate "2009.07.02"]
[SourceVersion "2"]
[SourceVersionDate "2009.07.15"]
[SourceQuality "1"]

1. e4 d6 2. d4 Nf6 3. Bd3 Nbd7 4. f4 e5 5. fxe5 dxe5 6. c3 Be7 7. Nf3 exd4 8. cxd4 0-0 9. 0-0 c5 10. d5 Qb6 11. Kh1 Bd6 12. Nc3 Re8 13. h3 Nh5 14. Ne2 Ndf6 15. Nd2 Bb8 16. g4 Qd6 17. Rf2 Bxg4 18. hxg4 Nxg4 19. Qg1 Qh6 20. Nf3 Nf4+ 21. Rh2 Nxh2 22. Nxh2 Qh3 23. Nxf4 Bxf4 24. Bc4 Qxh2+ 25. Qxh2 Bxh2 26. Kxh2 Rxe4 1/2-1/2

[Event "Bagnoles de l'Orne"]
[Site "Bagnoles de l'Orne"]
[Date "2009.05.30"]
[Round "2"]
[White "Edon, Didier"]
[Black "Gautier, Joel"]
[Result "0-1"]
[WhiteElo "1210"]
[BlackElo "1910"]
[PlyCount "28"]
[EventDate "2009.05.30"]
[EventType "swiss"]
[EventRounds "6"]
[EventCountry "FRA"]
[SourceTitle "CBM 130 Extra"]
[Source "ChessBase"]
[SourceDate "2009.07.02"]
[SourceVersion "2"]
[SourceVersionDate "2009.07.15"]
[SourceQuality "1"]

1. d4 Nf6 2. Bg5 Ne4 3. Bh4 d5 4. e3 c5 5. Bd3 Bf5 6. c3 cxd4 7. exd4 Qb6 8. f4 Qxb2 9. Qh5 g6 10. Qd1 Qxa1 11. Nd2 Qxd1+ 12. Kxd1 Nxc3+ 13. Kc2 Bxd3+ 14. Kxd3 Nxa2 0-1

[Event "Bagnoles de l'Orne"]
[Site "Bagnoles de l'Orne"]
[Date "2009.05.30"]
[Round "1"]
[White "Gautier, Joel"]
[Black "Bouhaer, Francois"]
[Result "1-0"]
[WhiteElo "1910"]
[BlackElo "1620"]
[PlyCount "45"]
[EventDate "2009.05.30"]
[EventType "swiss"]
[EventRounds "6"]
[EventCountry "FRA"]
[SourceTitle "CBM 130 Extra"]
[Source "ChessBase"]
[SourceDate "2009.07.02"]
[SourceVersion "2"]
[SourceVersionDate "2009.07.15"]
[SourceQuality "1"]

1. e4 c5 2. d4 cxd4 3. c3 dxc3 4. Nxc3 Nc6 5. Nf3 g6 6. Bc4 Bg7 7. 0-0 e6 8. Bg5 Qc7 9. Nb5 Qb8 10. Nd6+ Kf8 11. Bf4 e5 12. Qd5 Nd8 13. Bxe5 Bxe5 14. Qxe5 Ne6 15. Bxe6 f6 16. Qc5 b6 17. Qa3 dxe6 18. Nxc8+ Kg7 19. Rac1 Qb7 20. Qc3 Ne7 21. Nxe7 Qxe7 22. Qc7 Rhe8 23. Rfd1 1-0

[Event "Saint Quentin op 4th"]
[Site "Saint Quentin"]
[Date "2001.04.17"]
[Round "4.24"]
[White "Slavkov, Ivan"]
[Black "Gautier, Joel"]
[Result "0-1"]
[WhiteElo "2190"]
[BlackElo "1990"]
[PlyCount "72"]
[EventDate "2001.04.15"]
[EventType "swiss"]
[EventRounds "9"]
[EventCountry "FRA"]
[SourceTitle "EXT 2002"]
[Source "ChessBase"]
[SourceDate "2001.11.25"]
[SourceVersion "1"]
[SourceVersionDate "2001.11.25"]
[SourceQuality "1"]

1. d4 Nf6 2. c4 c5 3. d5 b5 4. a4 bxc4 5. Nc3 g6 6. e4 d6 7. Bxc4 Ba6 8. Bxa6 Nxa6 9. Nf3 Bg7 10. 0-0 0-0 11. Nd2 Nd7 12. Qe2 Nb4 13. Nc4 Nb6 14. Ne3 Rb8 15. Kh1 Qc8 16. f4 Qa6 17. Qf3 Nc4 18. Rb1 Nd3 19. Nf5 Nxc1 20. Nxe7+ Kh8 21. Rbxc1 Nd2 22. Qf2 Nxf1 23. Rxf1 Rxb2 24. Qf3 Bxc3 25. Qxc3+ f6 26. Re1 Qb7 27. e5 Rb3 28. Qc2 Qb4 29. Rf1 fxe5 30. Nxg6+ hxg6 31. Qxg6 Qb7 32. Qh6+ Kg8 33. Qg6+ Qg7 34. Qe6+ Kh8 35. Qxd6 Rxf4 36. Qd8+ Qg8 0-1